L'égyptien ancien par les textes /

محفوظ في:

المؤلف الرئيسي: Somet, Yoporeka (مؤلف)

التنسيق: كتاب

اللغة: French

الموضوعات:

الوسوم: إضافة وسم

لا توجد وسوم, كن أول من يضع وسما على هذه التسجيلة!

رقم الطلب: PJ1097 .S26

LEADER 00848nam a22002657a 4500
003 OSt
005 20260201142943.0
008 010226t2013 fr a g b 000 0 fre d
020 |a 9782909885186 
040 |c ARCE Library 
043 |a f-ua--- 
050 1 4 |a PJ1097  |b .S26 
100 1 |a Somet, Yoporeka,  |e author.  |9 40297 
245 1 2 |a L'égyptien ancien par les textes /  |c Yoporeka Somet.  
264 1 |a Gif-sur-Yvette :  |b Khepera,  |c DL 2013.  
300 |a 1 volume (221 pages) :  |b illustrations in black and in color, cover. illustrations in color ;  |c 24 cm 
336 |a text  |b txt  |2 rdacontent 
337 |a unmediated  |b n  |2 rdamedia 
338 |a volume  |b nc  |2 rdacarrier 
504 |a Bibliography : pages 259-260. 
650 0 |a Inscriptions, Egyptian. 
650 0 |a Language  |x History. 
651 0 |a Egypt  |x History. 
942 |c BK  |2 lcc 
999 |c 29771  |d 29771